Statistics for San Diego Padres Trivia

Click here to take the quiz!

General Stats

  • This quiz has been taken 160 times
    (74 since last reset)
  • The average score is 8 of 10

Answer Stats

QuestionAnswer% Correct
Name of the Padres stadium{Petco} Park
94%
Player who hit an incredible .394 during the strike-shortened 1994 seasonTony Gwynn
94%
Slugger who led the National League with 42 homers in 2021,
but was later suspended for steroids
Fernando Tatís Jr.
93%
Ace pitcher who led the league in ERA in 2023Blake Snell
90%
What the Spanish word "padre" means in EnglishFather
88%
Outfielder acquired in 2022 who has an exceptional .421 career OBPJuan Soto
87%
Closer who had 552 saves during his long Padres careerTrevor Hoffman
82%
Shortstop from Aruba who the Padres signed for $280 million in 2022Xander Bogaerts
73%
One of only five people to be drafted to the MLB, NBA, and NFL.
His number (31) is retired by the Padres.
Dave Winfield
55%
The only player in Padres history to hit 50 home runs in a season (1998)Greg Vaughn
42%

Score Distribution

Percentile by Number Answered

Percent of People with Each Score

Your Score History

You have not taken this quiz since the last reset